00758nam a22002292 4500001001100000005001700011008004100028020001700069040001500086050002100101100003100122245005100153250001200204260005300216300005500269500002000324650003100344908001100375950000600386999001700392952011900409000000445120151217154348.0070523s xx 000 0 eng d a0137463146 : aKABUcKABU 0aQA273b.R67 19971 aRoss, Sheldon.@000015502112aA First course in probability /cSheldon Ross. a5th ed. aUpper Saddle River, NJ :bPrentice Hall,cc1997. axiv, 514 p. ;c25 cm. +e1 computer disk (3.5 in.) aIncludes index. 0aProbabilities.@0000154769 a070523 @1 c10772d10772 00102lcc70aKABUbKABUd2015-12-17l12oQA273 .R67 1997p012139r2024-07-05 13:23:13s2024-06-19w2015-12-17yBK